000 01394nam a22003857a 4500
003 CHAP
005 20220329143435.0
008 090827s2008 mx a r 00010 spa d
010 _a96648
011 _a97620
020 _a9706289380
035 _a108290
040 _cCHAP
082 0 4 _a331.1
_bG43
100 1 _aGiorguli Saucedo, Silvia E.
_948103
245 1 0 _aInserción ocupacional, ingreso y prestaciones de los migrantes mexicanos en Estados Unidos
_c/por Silvia E. Giorguli Saucedo y Selene Gaspar Olvera
260 _aMéxico D.F. :
_bCONAPO,
_c2008
300 _a191 p. :
_bilus., cuadros, gráfs.
490 _aTemas de migración
590 _aBATCH-UPD
_b10
_c20130110
_lUCH01
_h1153
590 _aBATCH-UPD
_b10
_c20130410
_lUCH01
_h0736
590 _aBATCH-UPD
_b10
_c20130914
_lUCH01
_h1054
590 _aCONVERSION
_b10
_c20130109
_lUCH01
_h1353
650 1 4 _aCostos y nivel de vida.
_928518
650 1 4 _aEmigración e inmigración.
_936517
650 1 4 _aTrabajadores migratorios
_zMéxico.
_9114481
650 1 4 _aTrabajo y trabajadores
_xCondiciones sociales.
_9114517
650 1 4 _aTrabajo y trabajadores
_zMéxico.
_9114553
650 1 4 _aTrabajo
_xOfertas de.
_9114483
700 1 _aGaspar Olvera, Selene
_947227
830 _aTemas de migración
_9112150
901 _aBK
942 _cLIBRO
949 _a331.1 G43
_bBC
_cLIBRO
_d33724002108017
_eLIBRO
_h111050
_i108290
_sb
999 _c96648
_d96648